000 00362nam a2200133 4500
005 20260530113849.0
100 1 _aCatherine McDermott
_931086
245 1 0 _aMaster PIECES OF MODERN DESIGN
264 1 _bGoodman / Design Museum London
_c2013
300 _a448 páginas
336 _atexto
_2rdacontent
337 _asin medio
_2rdamedia
338 _avolumen
_2rdacarrier
999 _c11402
_d11402